[Event "Moia op 6th"]
[Site "Moia"]
[Date "2017.11.10"]
[Round "7"]
[White "Burset Camps, Guillem"]
[Black "Riera Escayola, Josep"]
[Result "1-0"]
[WhiteElo "1662"]
[BlackElo "1547"]
[PlyCount "57"]
[EventDate "2017.09.22"]
[EventType "swiss"]
[EventRounds "8"]
[EventCountry "ESP"]
[SourceTitle "CBM 189 Extra"]
[Source "ChessBase"]
[SourceDate "2019.06.03"]
[SourceVersion "1"]
[SourceVersionDate "2019.06.03"]
[SourceQuality "1"]

1. d4 Nf6 2. Nf3 g6 3. c4 Bg7 4. Nc3 d6 5. e4 0-0 6. Bg5 Nbd7 7. Be2 c5 8. dxc5 Nxc5 9. Qc2 h6 10. Be3 a5 11. Rd1 Bd7 12. 0-0 Qc8 13. e5 Ng4 14. exd6 Nxe3 15. fxe3 e6 16. a3 Bc6 17. b4 axb4 18. axb4 Na4 19. Nd4 Nxc3 20. Qxc3 Be4 21. Qd2 b6 22. Rc1 Qb7 23. Bf3 Be5 24. c5 bxc5 25. bxc5 Bxf3 26. Nxf3 Bf6 27. c6 Qa7 28. Nd4 Qb6 29. Rxf6 1-0

[Event "Foment Martinenc op-C 18th"]
[Site "Barcelona"]
[Date "2016.05.28"]
[Round "6"]
[White "De Santiago Gordo, Abel"]
[Black "Riera Escayola, Josep"]
[Result "1-0"]
[WhiteElo "1719"]
[BlackElo "1794"]
[PlyCount "67"]
[EventDate "2016.04.23"]
[EventType "swiss"]
[EventRounds "9"]
[EventCountry "ESP"]
[SourceTitle "EXT 2017"]
[Source "ChessBase"]
[SourceDate "2016.10.25"]
[SourceVersion "1"]
[SourceVersionDate "2016.10.25"]
[SourceQuality "1"]

1. d4 Nf6 2. Nf3 g6 3. Bf4 Bg7 4. e3 d6 5. Be2 0-0 6. 0-0 Nbd7 7. c3 c5 8. Nbd2 b6 9. Qc2 Bb7 10. Nc4 b5 11. Ncd2 c4 12. Rab1 Nh5 13. Bg5 f6 14. Bh4 Bh6 15. b3 cxb3 16. Qxb3+ d5 17. Bxb5 Rb8 18. g4 Ng7 19. Bg3 e5 20. dxe5 fxe5 21. Nxe5 Nxe5 22. Bxe5 Ra8 23. c4 Qe7 24. Bxg7 Bxg7 25. cxd5 Qd6 26. Bc6 Bxc6 27. dxc6+ Kh8 28. Qc2 Rac8 29. Rfc1 Rfd8 30. Ne4 Qc7 31. Rb7 Qxb7 32. cxb7 Rxc2 33. Rxc2 Rd1+ 34. Kg2 1-0

[Event "Igualada op 11th"]
[Site "Igualada"]
[Date "2016.01.30"]
[Round "3"]
[White "Pla Carulla, Joaquim"]
[Black "Riera Escayola, Josep"]
[Result "1-0"]
[WhiteElo "1689"]
[BlackElo "1551"]
[PlyCount "69"]
[EventDate "2016.01.16"]
[EventType "swiss"]
[EventRounds "8"]
[EventCountry "ESP"]
[SourceTitle "EXT 2017"]
[Source "ChessBase"]
[SourceDate "2016.10.25"]
[SourceVersion "1"]
[SourceVersionDate "2016.10.25"]
[SourceQuality "1"]

1. d4 Nf6 2. e3 g6 3. Bd3 Bg7 4. c4 d6 5. Nc3 0-0 6. Nge2 e5 7. 0-0 Nc6 8. a3 Ne8 9. d5 Ne7 10. f4 f5 11. e4 a6 12. fxe5 Bxe5 13. Bg5 Ng7 14. Qd2 Qe8 15. Rae1 Bd7 16. Ng3 fxe4 17. Ncxe4 Nef5 18. Nf6+ Rxf6 19. Bxf6 b5 20. cxb5 axb5 21. Ne4 c5 22. Nxc5 dxc5 23. Bxe5 Qc8 24. g4 c4 25. Bxf5 Nxf5 26. gxf5 Bxf5 27. Qd4 Bh3 28. Rf4 Qd7 29. Qc5 Rc8 30. Qd4 Re8 31. Rf6 Qe7 32. Bg3 Qd7 33. Rxe8+ Qxe8 34. Qe5 Qa8 35. Qb8+ 1-0

[Event "Igualada op 11th"]
[Site "Igualada"]
[Date "2016.01.16"]
[Round "1"]
[White "Sola Sendra, Francesco"]
[Black "Riera Escayola, Josep"]
[Result "1/2-1/2"]
[WhiteElo "1839"]
[BlackElo "1551"]
[PlyCount "92"]
[EventDate "2016.01.16"]
[EventType "swiss"]
[EventRounds "8"]
[EventCountry "ESP"]
[SourceTitle "EXT 2017"]
[Source "ChessBase"]
[SourceDate "2016.10.25"]
[SourceVersion "1"]
[SourceVersionDate "2016.10.25"]
[SourceQuality "1"]

1. e4 c5 2. f4 d6 3. Nf3 Nf6 4. Nc3 e6 5. Bd3 Nc6 6. Ne2 a6 7. c4 g6 8. 0-0 Bg7 9. Ng3 0-0 10. Bb1 b5 11. d3 bxc4 12. dxc4 Rb8 13. Qe2 Ne8 14. Rd1 Nd4 15. Nxd4 Bxd4+ 16. Kh1 Qf6 17. Bd3 Rb7 18. Rb1 a5 19. Rf1 Ng7 20. b3 Qe7 21. Bd2 Qc7 22. Qe1 Ra7 23. Ne2 Bf6 24. Nc3 Bd7 25. g4 Bd8 26. Qg3 f5 27. g5 fxe4 28. Bxe4 Nf5 29. Qg2 Ra6 30. Kg1 Bc6 31. Rbe1 Bxe4 32. Rxe4 Ng7 33. Qg4 Rf5 34. Nb5 Qc6 35. Re2 d5 36. Re5 Rxe5 37. fxe5 Nf5 38. h4 d4 39. Qf4 a4 40. Nd6 axb3 41. axb3 Ra3 42. Nxf5 exf5 43. Qf3 Qe4 44. Bc1 Qxf3 45. Rxf3 Ra1 46. Rf1 d3 1/2-1/2

[Event "Moia op 2nd"]
[Site "Moia"]
[Date "2013.11.15"]
[Round "8"]
[White "Mas Sayos, Lluis"]
[Black "Riera Escayola, Josep"]
[Result "1-0"]
[WhiteElo "1711"]
[BlackElo "1554"]
[PlyCount "72"]
[EventDate "2013.09.20"]
[EventType "swiss"]
[EventRounds "8"]
[EventCountry "ESP"]
[SourceTitle "EXT 2015"]
[Source "ChessBase"]
[SourceDate "2014.11.20"]
[SourceVersion "1"]
[SourceVersionDate "2014.11.20"]
[SourceQuality "1"]

1. e4 c5 2. Nf3 d6 3. d4 cxd4 4. Nxd4 g6 5. c4 Bg7 6. Nc3 Nf6 7. Be2 Nc6 8. 0-0 0-0 9. h3 a6 10. Be3 Bd7 11. f4 e6 12. Nf3 Ne8 13. Qd2 f5 14. Rad1 b6 15. e5 Bc8 16. exd6 Bxc3 17. bxc3 Nf6 18. Ne5 Nxe5 19. fxe5 Ne4 20. Qe1 Ra7 21. Bf3 Rd7 22. Bh6 Rff7 23. Bxe4 fxe4 24. Qxe4 Bb7 25. Qg4 Rf5 26. Rxf5 exf5 27. Qd4 Qe8 28. c5 b5 29. Bg5 Qe6 30. Rd2 Bc6 31. Bf6 Bb7 32. g4 fxg4 33. Qxg4 Qf7 34. h4 a5 35. h5 Bd5 36. hxg6 hxg6 1-0